Autour du handball à 7 aux JO - Statistiques

Statistiques générales
  • Ce quiz a été pris 20 fois
  • Le résultat moyen est 17 sur 107
Statistiques - réponses
Hint Réponse % Correct
Généralités Lors de son apparition aux jeux, les équipes comptaient (...) joueurs 11
94%
Généralités En quelle année le handball devient -il discipline olympique ? 1972
67%
Généralités En quelle année le handball est pour la 1ère fois au programme ? 1936
50%
Citez une nation ayant participé (...) au tournoi masculin 13 fois Allemagne
50%
Quelle est la nation ayant remporté le plus de médailles d'or ? Hommes 3 médailles France
50%
Combien de nations sont représentées lors du tournoi masculin en 1972 16
44%
Quelles sont les nations ayant remporté le plus de médailles d'or ? Hommes et Femmes cumulés 4 médailles Russie | France | Danemark
44%
Quelles nations ont obtenu au moins 5 médailles ? Hommes et Femmes cumulés 7 médailles France | Corée-du-Sud | Norvège
39%
Citez une nation ayant participé (...) au tournoi masculin 8 fois France | Danemark
39%
Combien de nations sont représentées lors du tournoi féminin en 2000 à 2004 10
33%
Combien de nations sont représentées lors du tournoi masculin en 1976 à nos jours 12
33%
Combien de nations sont représentées lors du tournoi féminin en 2008 à 2020 12
33%
Combien de nations sont représentées lors du tournoi féminin en 1976 à 1984 6
33%
Combien de nations sont représentées lors du tournoi féminin en 1988 à 1996 8
33%
Généralités Quel pays remporte la victoire lors du 1er tournoi avant la 2e GM? Allemagne
33%
Quelle nation a gagné le tournoi féminin en 2020 France
33%
Quelles nations ont obtenu au moins 5 médailles ? Hommes et Femmes cumulés 6 médailles URSS | Allemagne
33%
Quelle est la nation ayant remporté le plus de médailles d'or ? Femmes 3 médailles Danemark
28%
Sous quelle bannière jouait ce meilleur buteur (homme) ? (Il peut y en avoir deux la même année) 2020 - Mikkel Hansen Danemark
28%
Citez une nation ayant participé (...) au tournoi masculin 7 fois Egypte | Islande | Corée-du-Sud | Yougoslavie | Hongrie
28%
Citez une nation ayant participé (...) au tournoi masculin 11 fois Espagne
28%
Quelle nation a obtenu au moins 5 médailles ? Hommes 5 médailles France
28%
Quelles nations ont obtenu au moins 5 médailles ? Hommes et Femmes cumulés 5 médailles Yougoslavie | Danemark
28%
Quelle nation a gagné le tournoi masculin en 2016 Danemark
22%
Quelle nation a gagné le tournoi masculin en 2012 France
22%
Quelle nation a gagné le tournoi masculin en 2020 France
22%
Quelle nation a gagné le tournoi féminin en 2016 Russie
22%
Citez une nation ayant participé (...) au tournoi masculin 9 fois Suède
22%
Sous quelle bannière jouait ce meilleur buteur (homme) ? (Il peut y en avoir deux la même année) 2012 - Niclas Ekberg Suède
22%
Sous quelle bannière jouait ce meilleur buteur (homme) ? (Il peut y en avoir deux la même année) 1988 - Kang Jae-won Corée-du-Sud
17%
Sous quelle bannière jouait ce meilleur buteur (homme) ? (Il peut y en avoir deux la même année) 2004 - Yoon Kyung-shin Corée-du-Sud
17%
Quelle nation a gagné le tournoi masculin en 2004 Croatie
17%
Citez une nation ayant participé (...) au tournoi masculin 5 fois Croatie | Tunisie | Pologne | Roumanie | Etats-Unis | Japon
17%
Quelle nation a gagné le tournoi féminin en 2004 Danemark
17%
Sous quelle bannière jouait ce meilleur buteur (homme) ? (Il peut y en avoir deux la même année) 2008 - Juanin Garcia Espagne
17%
Quelle est la nationalité de ces sportifs ayant obtenu 3 médailles d'or Luc Abalo Française
17%
Quelle est la nationalité de ces sportifs ayant obtenu 3 médailles d'or Michaël Guigou Française
17%
Quelle est la nationalité de ces sportifs ayant obtenu 3 médailles d'or Nikola Karabatic Française
17%
Quelle nation a gagné le tournoi masculin en 2008 France
17%
Quelles sont les nations ayant remporté le plus de médailles d'argent? Hommes 3 médailles France | Espagne
17%
Quelle nation a gagné le tournoi féminin en 2008 Norvège
17%
Quelle nation a gagné le tournoi féminin en 2012 Norvège
17%
Sous quelle bannière jouait ce meilleur buteur (femme) ? 2016 & 2020 - Nora Mørk Norvège
17%
Quelles sont les nations ayant remporté le plus de médailles de bronze ? Hommes et Femmes cumulés 3 médailles Roumanie | Norvège
17%
Quelle est la nationalité de ces sportifs ayant obtenu 3 médailles d'or Andreï Lavrov Russe
17%
Quelles sont les nations ayant remporté le plus de médailles d'argent? Hommes 4 médailles Suède
17%
Quelles sont les nations ayant remporté le plus de médailles d'argent ? Hommes et Femmes cumulés 4 médailles Suède | Corée-du-Sud
17%
Citez une nation ayant participé (...) au tournoi masculin 4 fois URSS | Russie | Algérie | Tchécoslovaquie
17%
Quelle nation a gagné le tournoi masculin en 1980 Allemagne
11%
Citez une nation ayant participé (...) au tournoi masculin 6 fois Brésil
11%
Quelle nation a gagné le tournoi féminin en 1996 Danemark
11%
Quelle nation a gagné le tournoi féminin en 2000 Danemark
11%
Sous quelle bannière jouait ce meilleur buteur (homme) ? (Il peut y en avoir deux la même année) 1976 - Bent Larsen Danemark
11%
Quelles sont les nations ayant remporté le plus de médailles de bronze ? Hommes 4 médailles Espagne
11%
Citez une nation ayant participé (...) au tournoi féminin 6 fois France | Brésil | Allemagne
11%
Quelle nation a gagné le tournoi masculin en 2000 Russie
11%
Sous quelle bannière jouait ce meilleur buteur (homme) ? (Il peut y en avoir deux la même année) 1984 - Bjorn Jilsen Suède
11%
Sous quelle bannière jouait ce meilleur buteur (homme) ? (Il peut y en avoir deux la même année) 2000 - Stefan Lovgren Suède
11%
Quel pays a remporté le tournoi féminin lors de JO qui s'y déroulent ? 2e Yougoslavie - 3e Allemagne URSS
11%
Quelles sont les nations ayant remporté le plus de médailles de bronze ? Hommes et Femmes cumulés 4 médailles URSS | Brésil
11%
Citez une nation ayant participé (...) au tournoi féminin 7 fois Angola | Hongrie
6%
Citez une nation ayant participé (...) au tournoi masculin 1 fois Bahreïn | Portugal | Qatar | Royaume-Uni | Serbie | Chine | Grèce | Australie | Canada
6%
Citez une nation ayant participé (...) au tournoi féminin 10 fois Corée-du-Sud
6%
Quelle nation a gagné le tournoi féminin en 1988 Corée-du-Sud
6%
Quelle nation a gagné le tournoi féminin en 1992 Corée-du-Sud
6%
Quelles sont les nations ayant remporté le plus de médailles d'argent? Femmes 3 médailles Corée-du-Sud
6%
Quel pays a remporté le tournoi féminin lors de JO qui s'y déroulent ? 2e Norvège - 3e URSS Corée-du-Sud
6%
Sous quelle bannière jouait ce meilleur buteur (femme) ? 1996 - Lim O-kyeong Corée-du-Sud
6%
Quelle nation a gagné le tournoi masculin en 1996 Croatie
6%
Quelles sont les nations ayant remporté le plus de médailles de bronze ? Hommes et Femmes cumulés 5 médailles Espagne
6%
Citez une nation ayant participé (...) au tournoi féminin 5 fois Espagne | Chine
6%
Sous quelle bannière jouait ce meilleur buteur (femme) ? 2012 - Katarina Bulatović Monténégro
6%
Généralités Ce sport fait son entrée pour les femmes lors des jeux de Montréal
6%
Citez une nation ayant participé (...) au tournoi féminin 8 fois Norvège
6%
Quelles sont les nations ayant remporté le plus de médailles de bronze ? Femmes 3 médailles Norvège
6%
Citez une nation ayant participé (...) au tournoi masculin 2 fois Norvège | Cuba | Koweït
6%
Citez une nation ayant participé (...) au tournoi féminin 2 fois Pays-Bas | Yougoslavie | Tchécoslovaquie | Japon
6%
Sous quelle bannière jouait ce meilleur buteur (homme) ? (Il peut y en avoir deux la même année) 1980 - Jerzy Klempel Pologne
6%
Sous quelle bannière jouait ce meilleur buteur (homme) ? (Il peut y en avoir deux la même année) 2016 - Karol Bielecki Pologne
6%
Quelles sont les nations ayant remporté le plus de médailles de bronze ? Hommes 3 médailles Roumanie
6%
Sous quelle bannière jouait ce meilleur buteur (homme) ? (Il peut y en avoir deux la même année) 1972 - Gheorghe Gruia Roumanie
6%
Sous quelle bannière jouait ce meilleur buteur (femme) ? 2008 - Ramona Maier Roumanie
6%
Citez une nation ayant participé (...) au tournoi masculin 3 fois Slovénie | Suisse | Argentine
6%
Citez une nation ayant participé (...) au tournoi féminin 4 fois Suède | Russie | Roumanie | Danemark | Etats-Unis
6%
Quelle nation a gagné le tournoi masculin en 1976 URSS
6%
Quelle nation a gagné le tournoi masculin en 1988 URSS
6%
Quelle nation a gagné le tournoi féminin en 1976 URSS
6%
Quelle nation a gagné le tournoi féminin en 1980 URSS
6%
Quelle nation a gagné le tournoi masculin en 1972 Yougoslavie
6%
Quelle nation a gagné le tournoi masculin en 1984 Yougoslavie
6%
Quelle nation a gagné le tournoi féminin en 1984 Yougoslavie
6%
Quelles sont les nations ayant remporté le plus de médailles d'or ? Hommes et Femmes cumulés 3 médailles Yougoslavie
6%
Quelles sont les nations ayant remporté le plus de médailles d'argent ? Hommes et Femmes cumulés 3 médailles Allemagne
0%
Sous quelle bannière jouait ce meilleur buteur (femme) ? 1988 - Sun Xiulan Chine
0%
Sous quelle bannière jouait ce meilleur buteur (homme) ? (Il peut y en avoir deux la même année) 1996 - Patrick Cavar Croatie
0%
Citez une nation ayant participé (...) au tournoi féminin 1 fois Croatie | Argentine | Royaume-Uni | Kazakhstan | Ukraine | Grèce | Australie | Nigeria | Côte d'ivoire | Congo | Canada
0%
Quelle nation a gagné le tournoi masculin en 1992 Equipe unifiée ex-URSS
0%
Sous quelle bannière jouait ce meilleur buteur (homme) ? (Il peut y en avoir deux la même année) 1992 - Talant Douïchebaïev Equipé unifié ex-URSS
0%
Sous quelle bannière jouait ce meilleur buteur (femme) ? 1992- Natalia Morskova Equipé unifié ex-URSS
0%
Quelle nation a obtenu au moins 5 médailles ? Hommes 21 médailles Etats-Unis
0%
Sous quelle bannière jouait ce meilleur buteur (femme) ? 2004 - Bojana Radulovics Hongrie
0%
Sous quelle bannière jouait ce meilleur buteur (femme) ? 1976 - Terumi Kurata Japon
0%
Citez une nation ayant participé (...) au tournoi féminin 3 fois Monténégro | URSS | Autriche
0%
Sous quelle bannière jouait ce meilleur buteur (femme) ? 2000 - Kjersti Grini Norvège
0%
Sous quelle bannière jouait ce meilleur buteur (homme) ? (Il peut y en avoir deux la même année) 1976 - Stefan Birtalan Roumanie
0%
Sous quelle bannière jouait ce meilleur buteur (femme) ? 1980 - Biserka Visnjic Yougoslavie
0%
Sous quelle bannière jouait ce meilleur buteur (femme) ? 1984 -Jasna Merdan-Kolar Yougoslavie
0%
Aucun quiz correspondant
Distribution des résultats
% des personnes avec chaque résultat
Percentile par nombre de réponses
Votre historique - résultats
Vous n’avez pas pris ce quiz